La responsabilidad del estado : (Registro nro. 30926)
[ vista simple ]
| 000 -LEADER | |
|---|---|
| fixed length control field | 01266nam a2200277 4500 |
| 001 - CONTROL NUMBER | |
| control field | 0000016897 |
| 003 - CONTROL NUMBER IDENTIFIER | |
| control field | CO-CtgCURN |
| 005 - DATE AND TIME OF LATEST TRANSACTION | |
| control field | 20250425195826.0 |
| 008 - FIXED-LENGTH DATA ELEMENTS--GENERAL INFORMATION | |
| fixed length control field | 160627s1997 000 0 eng d |
| 020 ## - INTERNATIONAL STANDARD BOOK NUMBER | |
| International Standard Book Number | 9583501441 |
| 040 ## - CATALOGING SOURCE | |
| Original cataloging agency | CO-CtgCURN |
| Language of cataloging | spa |
| Transcribing agency | coctgcurn |
| 082 0# - DEWEY DECIMAL CLASSIFICATION NUMBER | |
| Classification number | 347.5 |
| Item number | T15r |
| 100 1# - MAIN ENTRY--PERSONAL NAME | |
| Personal name | Tamayo Jaramillo, Javier. |
| 245 13 - TITLE STATEMENT | |
| Title | La responsabilidad del estado : |
| Remainder of title | el daño antijuridico (Const. pol., art. 90), el riesgo excepcional y las actividades peligrosas / |
| Statement of responsibility, etc. | Javier Tamayo Jaramillo. |
| 260 ## - PUBLICATION, DISTRIBUTION, ETC. | |
| Place of publication, distribution, etc. | Bogotá : |
| Name of publisher, distributor, etc. | Temis, |
| Date of publication, distribution, etc. | 1997. |
| 300 ## - PHYSICAL DESCRIPTION | |
| Extent | xiv, 182 p. |
| 336 ## - CONTENT TYPE | |
| Source | rdacontent |
| 337 ## - MEDIA TYPE | |
| Source | rdamedia |
| Media type term | sin mediacion |
| Media type code | n |
| 338 ## - CARRIER TYPE | |
| Source | rdacarrier |
| Carrier type term | volumen |
| Carrier type code | nc |
| 504 ## - BIBLIOGRAPHY, ETC. NOTE | |
| Bibliography, etc. note | Bibliografia (p. 181-182) |
| 505 8# - FORMATTED CONTENTS NOTE | |
| Formatted contents note | Fuentes de la responsabilidad del estado.--La responsabilidad del estado en la constitucion de 1991.--Las actividades peligrosas y riesgosas en la jurisprudencia del consejo de estado.--Las actividades peligrosas o riesgosas en algunos casos especiales.--Exoneracion del estado en la responsabilidad por actividades peligrosas |
| 650 #0 - SUBJECT ADDED ENTRY--TOPICAL TERM | |
| Topical term or geographic name entry element | Responsabilidad del estado |
| Geographic subdivision | Colombia. |
| 908 ## - PUT COMMAND PARAMETER (RLIN) | |
| Put command parameter | 160627 |
| 942 ## - ADDED ENTRY ELEMENTS (KOHA) | |
| Koha item type | Libros |
| Classification part | 347.5 |
| Item part | T15r |
| Source of classification or shelving scheme | Dewey Decimal Classification |
| Suppress in OPAC | No |
| Withdrawn status | Lost status | Source of classification or shelving scheme | Damaged status | Not for loan | Collection | Home library | Current library | Shelving location | Date acquired | Inventory number | Total checkouts | Full call number | Barcode | Date last seen | Date last checked out | Copy number | Price effective from | Koha item type | Public note |
|---|---|---|---|---|---|---|---|---|---|---|---|---|---|---|---|---|---|---|---|
| Dewey Decimal Classification | General | Miguel Henríquez Castañeda | Miguel Henríquez Castañeda | General | 03/04/2019 | 005709 | 1 | 347.5 T15r | 005709 | 05/06/2025 | 04/25/2025 | ej.1 | 03/04/2019 | Libros | 340-DEREC | ||||
| Dewey Decimal Classification | General | Miguel Henríquez Castañeda | Miguel Henríquez Castañeda | General | 03/04/2019 | 014135 | 347.5 T15r | 014135 | 03/04/2019 | ej.2 | 03/04/2019 | Libros | 340-DEREC |